000 00406 a2200157 4500
001 156319
020 _a9788535638714
040 _cEscola São Tomás de Aquino
100 _aJOSÉ, Elias
240 1 0 _aPequeno dicionário poético- humorístico ilustrado
_lpor
245 1 0 _aPequeno dicionário poético- humorístico ilustrado
300 _a113
362 0 _a2015
697 _aPoesia
942 _cBK
999 _c156319
_d156319